Transakčné náklady v účtovníctve poisťovní

Vymedzenie transakčných nákladov, ich vznik a význam v účtovníctve. Transakčné náklady vo finančných inštitúciách - poisťovniach. Výučba predmetu Účtovníctvo poisťovní využitím e-learningu.

Gespeichert in:
Bibliographische Detailangaben
1. Verfasser: Juhászová, Zuzana, 1970-
Format: Buchkapitel
Sprache:Slowakisch
Schlagworte:
Tags: Tag hinzufügen
Keine Tags, Fügen Sie das erste Tag hinzu!

MARC

LEADER 00000nla a2200000 4500
001 0180608
005 20240502073100.9
041 0 |a slo 
044 |a SK 
245 1 0 |a Transakčné náklady v účtovníctve poisťovní  |c Zuzana Juhászová 
520 |a Vymedzenie transakčných nákladov, ich vznik a význam v účtovníctve. Transakčné náklady vo finančných inštitúciách - poisťovniach. Výučba predmetu Účtovníctvo poisťovní využitím e-learningu. 
610 2 0 |a náklady transakčné 
610 2 0 |a poisťovne 
610 2 0 |a IFRS 
610 2 0 |a účtovníctvo 
100 1 |a Juhászová, Zuzana, 1970-